Metaphor and reason in judicial opinions
Gespeichert in:
| 1. Verfasser: | |
|---|---|
| Format: | Buch |
| Sprache: | Englisch |
| Veröffentlicht: |
Carbondale
Southern Illinois University Press
1992
|
| Schlagworte: | |
| Tags: |
Tag hinzufügen
Keine Tags, Fügen Sie den ersten Tag hinzu!
|
MARC
| LEADER | 00000nam a2200000 a 4500 | ||
|---|---|---|---|
| 001 | UCI7106 | ||
| 003 | CL-VaPUC | ||
| 008 | 080613e19920000US |||||||||||||||||eng|d | ||
| 020 | |a 0809316129 | ||
| 082 | 0 | 4 | |a 340.973 |b BOS |2 21 |
| 100 | 0 | |a Bosmajian, Haig |e author |9 530238 | |
| 245 | 1 | 0 | |a Metaphor and reason in judicial opinions |
| 300 | |a 240 p | ||
| 942 | |c BK | ||
| 945 | |d 20080613 00:00:00 |a rbrito | ||
| 260 | |a Carbondale |b Southern Illinois University Press |c 1992 | ||
| 650 | 0 | |a Lenguaje jurídico |9 255988 | |
| 650 | 7 | |a DERECHO ESTADOUNIDENSE |2 CL-VaPUC |9 385416 | |
| 650 | 0 | |a Derechos civiles |9 255655 | |
| 651 | 0 | |a Estados Unidos |9 255178 | |
| 583 | |a last modification |c 20080613 00:00:00 |k Rodrigo Vera | ||
| 999 | |c 330495 |d 330493 | ||
| 952 | |0 0 |1 0 |4 0 |6 340_973000000000000_BOS_1992 |7 0 |8 A |9 416062 |a FDOPOS |b FDOPOS |d 2019-11-22 |i 444812K |o 340.973 BOS 1992 |p 444812K |r 2025-01-22 |w 2019-11-22 |y BK |k MLA | ||